Vista normal
Vista MARC
Entrada Personal Name
Número de registros utilizados en: 1
001 - CONTROL NUMBER
- control field: 17574
003 - CONTROL NUMBER IDENTIFIER
- control field: DLC
005 - DATE AND TIME OF LATEST TRANSACTION
- control field: 20251008162550.0
008 - FIXED-LENGTH DATA ELEMENTS
- fixed length control field: 870924n| acannaabn |a aaa
010 ## - LIBRARY OF CONGRESS CONTROL NUMBER
- LC control number: n 87914723
035 ## - SYSTEM CONTROL NUMBER
- System control number: (OCoLC)oca01948022
040 ## - CATALOGING SOURCE
- Original cataloging agency: DLC
- Language of cataloging: spa
- Transcribing agency: Mx-PuUPA
- Modifying agency: OCoLC
- Modifying agency: Mx-PuUPA
- Description conventions: rda
100 1# - HEADING--PERSONAL NAME
- Personal name: Sánchez Navarro de Pintado, Beatriz,
374 ## - OCCUPATION
- Occupation: Autor
375 ## - GENDER
- Gender: mujer
377 ## - ASSOCIATED LANGUAGE
- Language code: spa
400 1# - SEE FROM TRACING--PERSONAL NAME
- Personal name: Navarro de Pintado, Beatriz Sánchez
400 1# - SEE FROM TRACING--PERSONAL NAME
- Personal name: De Pintado, Beatriz Sánchez Navarro
400 1# - SEE FROM TRACING--PERSONAL NAME
- Personal name: Pintado, Beatriz Sánchez Navarro de
670 ## - SOURCE DATA FOUND
- Source citation: Her Marfiles cristianos del oriente de México, 1986, c1985:
- Information found: t.p. (Beatriz Sánchez Navarro de Pintado)